Sports Quiz

Random Sports Quiz

Vuelta a España 09 Quiz Stats

Quiz not verified by Sporcle

Challenge
Share
Tweet
Embed
Score 0/22 Timer 06:00
0 Plays Today
Captain Team % Correct
Óscar FreireRabobank
94.5%
Cadel EvansSilence Lotto
92.7%
Haimar ZubeldiaAstana
90.9%
Damiano CunegoLampre NGC
89.1%
Tom BoonenQuickstep
89.1%
Andy SchleckTeam Saxo Bank
87.3%
Samuel SánchezEuskaltel Euskadi
85.5%
Ivan BassoLiquigas
85.5%
Thomas DanielsonGarmin Slipstream
83.6%
Tadej ValjavecAG2R La Mondiale
81.8%
Gerald CiolekTeam Milram
81.8%
Captain Team % Correct
David MoncoutieCofidis, Le Credit Par Telephone
78.2%
André GreipelTeam Columbia HTC
76.4%
Alejandro ValverdeCaisse D'Epargne
74.5%
Iñigo CuestaCervelo Test Team
72.7%
Sandy CasarFrancaise Des Jeux
67.3%
Pierrick FedrigoBBOX Bouygues Telecom
54.5%
Juan José CoboFuji Servetto
54.5%
Matteo CarraraVacansoleil Pro Cycling Team
52.7%
Ezequiel MosqueraXacobeo Galicia
47.3%
Xavier TondoAndalucia Cajasur
41.8%
Julián Sánchez PimientaContentpolis Ampo
12.7%

You're not logged in!

Compare scores with friends on all Sporcle quizzes.
Join for Free
OR
Log In

You Might Also Like...

Show Comments

Extras

Created Oct 12, 2009ReportNominate
Tags:2009, captain, Spain, team, vuelta

Top Quizzes Today


Score Distribution

Your Account Isn't Verified!

In order to create a playlist on Sporcle, you need to verify the email address you used during registration. Go to your Sporcle Settings to finish the process.

Report this User

Report this user for behavior that violates our Community Guidelines.

Details: